History Quiz

Random History or Famous Quiz

Famous Historical 'O' First Names Quiz Stats

 Plays Quiz Updated Jul 28, 2016

Challenge
Share
Tweet
Embed
Score 0/30 Timer 05:00
7 Plays Today
% Correct
Osama
92.7%
Oprah
92.6%
Ozzy
91.3%
Orson
90.4%
Oscar
90.3%
Omar
88.7%
Otto
88.2%
Orville
87.6%
Otis
87%
Oliver
79.6%
Olivia
78.7%
Oskar
78.5%
Olga
75.6%
Olympia
69%
Ogden
66.8%
% Correct
Olaf
65%
Oral
60.6%
Orel
57.8%
Oona
55.6%
Octavia
54.9%
Orlando
54.2%
Oda
50.9%
Owen
45.5%
Ottorino
45.3%
Olivier
44.5%
Olof
42.4%
Octavio
38.8%
Odetta
34.1%
Ole
29.6%
Ophelia
26.6%

You're not logged in!

Compare scores with friends on all Sporcle quizzes.
OR
Log In

You Might Also Like...

Show Comments

Extras

Top Quizzes Today


Score Distribution

Your Account Isn't Verified!

In order to create a playlist on Sporcle, you need to verify the email address you used during registration. Go to your Sporcle Settings to finish the process.

Report this User

Report this user for behavior that violates our Community Guidelines.

Details: